00377nam a2200109Ia 4500008004100000082000800041100002000049245008200069942000600151952009500157999001500252240331s9999 xx 000 0 und d bTHI aThiruchandra, S 0aPenkalin vaimoli illakiyam :bthaaladdu, oppari pattiya oru samugaviyal nokku cL 001040708LaWERCLbWERCLcSSCd2024-03-31l0o 398 THIp4828r2024-03-31w2024-03-31yL c4155d4155